000 00402nam a22001457a 4500
005 20200612105958.0
008 200612b xxu||||| |||| 00| 0 eng d
082 _a345.4, AIR
110 _aALL INDIA REPORTER,
_96013
245 _aALL INDIA REPORTER, [2002] [VOL-89] SUPREME COURT SECTION
260 _aBOMBAY
_bALL INDIA REPORTER, PVT. LTD.
300 _a3712;p
650 _aLAW
_95701
942 _cJRL
999 _c7072
_d7070